000 00329nam a2200121Ia 4500
008 240731s9999 xx 000 0 und d
022 _a1532-530X
245 0 _aEating Disorders : The Journal of Treatment & Prevention
260 _bRoutledge
856 _uhttps://www.tandfonline.com/loi/uedi20
942 _2ddc
942 _cTFEJ
999 _c76331
_d76331
945 _a1
_bMadushi Gamage
_c1
_dMadushi Gamage